| 000 | 00407nam a22001577a 4500 | ||
|---|---|---|---|
| 020 | _a9789385725623 | ||
| 082 |
_aM3 _bKUM/T |
||
| 100 | _aKumaran U K | ||
| 245 |
_aThakshankunnu swaroopam/ _cby Kumaran U K |
||
| 260 |
_aKottayam: _bSahitya Pravarthaka Sahakarana Samgham, _c2015. |
||
| 300 | _a414p. | ||
| 650 | _aNovel Malayalam | ||
| 650 | _aLiterature Malayalam | ||
| 650 | _aLiterature | ||
| 942 | _cBK | ||
| 999 |
_c63743 _d63743 |
||